Promoción: conceptos y estrategias
Furkejuvvon:
| Váldodahkki: | |
|---|---|
| Materiálatiipa: | Girji |
| Giella: | espánnjágiella |
| Almmustuhtton: |
Bogotá
McGraw-Hill Interamericana
1996
|
| Preanttus: | 1a. ed |
| Fáttát: | |
| Fáddágilkorat: |
Lasit fáddágilkoriid
Eai fáddágilkorat, Lasit vuosttaš fáddágilkora!
|
MARC
| LEADER | 00000cam a2200000 a 4500 | ||
|---|---|---|---|
| 001 | UCD8951 | ||
| 003 | CL-VaPUC | ||
| 008 | 170527e19960000ck |||||||||||||||||spa|d | ||
| 020 | |a 9586005593 | ||
| 082 | 0 | 4 | |a 658.8 |b BUR |2 21 |
| 100 | 0 | |a Burnett, John J |e author |9 592572 | |
| 245 | 1 | 0 | |a Promoción: conceptos y estrategias |
| 250 | |a 1a. ed | ||
| 300 | |a 406 p | ||
| 942 | |c BK | ||
| 945 | |d 20170527 00:32:00 |a arojas | ||
| 260 | |a Bogotá |b McGraw-Hill Interamericana |c 1996 | ||
| 650 | 7 | |a PROMOCION |2 CL-VaPUC |9 356147 | |
| 650 | 0 | |a Marketing |9 259324 | |
| 650 | 0 | |a Análisis de mercado |9 260838 | |
| 650 | 0 | |a Comercialización |9 259326 | |
| 650 | 0 | |a Ventas |9 259323 | |
| 583 | |a last modification |c 20170527 00:32:00 |k Rodrigo Vera | ||
| 999 | |c 368257 |d 368255 | ||